[Event "TUR-ch Veterans 2020"]
[Site "Antalya-Belek"]
[Date "2020.01.24"]
[Round "8"]
[White "Ozates, Veysel"]
[Black "Yilmaz, Turhan"]
[Result "0-1"]
[WhiteElo "1617"]
[BlackElo "2132"]
[Annotator "TA"]
[PlyCount "74"]
[EventDate "2020.01.19"]
[EventCountry "TUR"]
[SourceTitle "playchess.com"]
[Source "ChessBase"]
[SourceQuality "1"]

{[%evp 11,74,7,5,-72,-66,-60,2,8,0,0,4,0,13,-60,-48,-50,-48,-46,-31,-53,-54,-49,-10,-31,-29,-55,-43,-54,-53,-52,-59,-67,-72,-81,-75,-64,-72,-74,-86,-123,-120,-114,-85,-101,-99,-99,-110,-112,-81,-82,-63,-164,-153,-160,-152,-234,-238,-294,-298,-297,-290,-263,-284,-442,-437]} 1. e4 e5 2. Nf3 Nc6 3. Bb5 f5 4. Nc3 fxe4 5. Nxe4 Nf6 6. d3 d5 7. Nxe5 {C63: Ruy Lopez: Schliemann/Jaenisch Defence} (7. Nxf6+ $11 {remains equal.} gxf6 8. d4) 7... dxe4 $17 8. Nxc6 bxc6 (8... Qd6 $1 $15 9. Nxa7+ (9. dxe4 a6 $17) 9... Bd7 10. Bxd7+ Qxd7 11. dxe4 (11. Be3 b6 $15) 11... Rxa7) 9. Bxc6+ $11 {The position is equal.} Bd7 10. Bxa8 Qxa8 11. O-O Bd6 12. f3 $146 (12. dxe4 $1 $11 O-O 13. f3) ({Predecessor:} 12. d4 O-O 13. c4 c6 14. Bg5 Qe8 15. Bxf6 Rxf6 16. c5 Bf4 17. Re1 Qg6 18. d5 Bxh2+ 19. Kf1 Bh3 20. Re2 Qxg2+ 21. Ke1 Bf4 {0-1 (21) Markantonaki,H (2129)-Cmilyte,V (2527) Peristeri 2010}) 12... exd3 13. Re1+ Kf7 14. Qxd3 Qd5 15. Qxd5+ Nxd5 16. Bd2 Nb4 17. Bxb4 (17. Re4 {is more complex.} Rb8 18. b3 Bf5 19. Rc4 Nd5 20. Re1) 17... Bxb4 18. c3 Bd6 {[%mdl 1024] Black has compensation.} 19. Rad1 Rb8 20. b3 Be6 21. Re2 Rb6 22. Kh1 Rc6 23. c4 a5 {[%cal Ba7a5,Ba5a4][%mdl 32]} 24. Rd4 a4 25. Rde4 Bf5 26. Rd4 Bc8 27. g3 axb3 28. axb3 Ra6 29. Kg2 Ra1 30. h4 Rc1 31. h5 ({White should play} 31. Rde4 $15) 31... Rc3 $19 32. Rde4 Bf5 $1 {[%cal Rf5e4]} ({Worse is} 32... Rxb3 33. c5 $1 $11 {[%mdl 512]}) 33. R4e3 {[#]} (33. Rd4 $17) 33... Bd3 $1 34. b4 Bxb4 35. Rb2 Bc5 36. Re5 Bd6 ({Don't do} 36... Rxc4 37. Rd5 $19) 37. Re3 {[#]} (37. Rd5 $142) 37... Bf1+ $1 {[%mdl 576] Discovered Attack. Accuracy: White = 42%, Black = 69%.} 0-1

[Event "TUR-ch Veterans 2020"]
[Site "Antalya-Belek"]
[Date "2020.01.24"]
[Round "8"]
[White "Bapoglu, Ibrahim"]
[Black "Oney, Riza"]
[Result "0-1"]
[WhiteElo "1576"]
[BlackElo "1771"]
[Annotator "NA RC"]
[PlyCount "130"]
[EventDate "2020.01.19"]
[EventCountry "TUR"]
[SourceTitle "playchess.com"]
[Source "ChessBase"]
[SourceQuality "1"]
[TimeControl "5400+30"]

1. e4 {[%emt 0:00:30]} c5 {[%emt 0:00:30]} 2. Nf3 {[%emt 0:00:00]} Nc6 {[%emt 0:00:30]} 3. d4 {[%emt 0:00:00]} cxd4 {[%emt 0:00:30]} 4. Nxd4 {[%emt 0:00:30]} Nf6 {[%emt 0:00:30]} 5. Nc3 {[%emt 0:00:30]} e5 {[%emt 0:00:00]} 6. Nf3 {[%emt 0:00:30]} d6 {[%emt 0:00:00]} 7. Be2 {[%emt 0:01:30]} Be7 {[%emt 0:00:30]} 8. O-O {[%emt 0:00:30]} O-O {[%emt 0:00:30]} 9. h3 {[%emt 0:00:30]} Be6 {[%emt 0:00:30]} 10. Ng5 {[%emt 0:01:30]} Nd4 {[%emt 0:04:30]} 11. Nxe6 {[%emt 0:01:30]} fxe6 {[%emt 0:00:30]} 12. Bc4 {[%emt 0:00:30]} d5 {[%emt 0:03:30]} 13. exd5 {[%emt 0:01:30]} exd5 {[%emt 0:01:30]} 14. Bb3 {[%emt 0:01:30]} Nxb3 {[%emt 0:02:30]} 15. axb3 {[%emt 0:00:30]} d4 {[%emt 0:04:30]} 16. Nb1 {[%emt 0:01:30]} a6 {[%emt 0:17:30]} 17. Qe2 {[%emt 0:00:30]} Bd6 {[%emt 0:10:30]} 18. Nd2 {[%emt 0:01:30]} Rc8 {[%emt 0:07:30]} 19. Ne4 {[%emt 0:01:30]} Nxe4 {[%emt 0:03:30]} 20. Qxe4 {[%emt 0:00:00]} Qc7 {[%emt 0:01:30]} 21. c4 {[%emt 0:02:00]} dxc3 {[%emt 0:03:30]} 22. bxc3 {[%emt 0:00:30]} Qxc3 {[%emt 0:01:30]} 23. Qd5+ {[%emt 0:03:30]} Kh8 {[%emt 0:01:30]} 24. Be3 {[%emt 0:03:30]} Qc6 {[%emt 0:00:30]} 25. Rad1 {[%emt 0:05:30]} Qxd5 {[%emt 0:02:30]} 26. Rxd5 {[%emt 0:00:00]} Rc6 {[%emt 0:04:30]} 27. Rfd1 {[%emt 0:00:00]} Bc7 {[%emt 0:00:30]} 28. b4 {[%emt 0:04:30]} h6 {[%emt 0:03:30]} 29. b5 {[%emt 0:00:30]} axb5 {[%emt 0:00:30]} 30. Rxb5 {[%emt 0:00:30]} b6 {[%emt 0:00:30]} 31. g3 {[%emt 0:02:30]} Kg8 {[%emt 0:00:30]} 32. Rc1 {[%emt 0:03:30]} Rxc1+ {[%emt 0:01:30]} 33. Bxc1 {[%emt 0:00:30]} Ra8 {[%emt 0:00:30]} 34. Bd2 {[%emt 0:02:30]} Kf7 {[%emt 0:00:30]} 35. Kg2 {[%emt 0:00:30]} Ke6 {[%emt 0:00:30]} 36. Kf3 {[%emt 0:01:30]} Rd8 {[%emt 0:01:30]} 37. Be3 {[%emt 0:00:30]} Rd5 {[%emt 0:00:30]} 38. Rb3 {[%emt 0:01:30]} b5 {[%emt 0:00:00]} 39. g4 {[%emt 0:01:30]} Bd6 {[%emt 0:01:00]} 40. h4 {[%emt 0:01:30]} b4 {[%emt 0:07:35]} 41. Ke4 {[%emt 0:02:30]} Ra5 {[%emt 0:00:09]} 42. Rb1 {[%emt 0:10:30]} Ra4 {[%emt 0:00:46]} 43. Rb3 {[%emt 0:02:30]} Ra3 {[%emt 0:00:50]} 44. Rb2 {[%emt 0:01:30]} b3 {[%emt 0:00:50]} 45. f3 {[%emt 0:00:30]} Be7 {[%emt 0:01:08]} 46. g5 {[%emt 0:03:30]} hxg5 {[%emt 0:04:23]} 47. hxg5 {[%emt 0:02:30]} g6 {[%emt 0:00:16]} 48. Kd3 {[%emt 0:02:30]} Kf5 {[%emt 0:02:38]} 49. Kc4 {[%emt 0:01:30]} Bxg5 {[%emt 0:00:20]} 50. Bc5 {[%emt 0:00:30]} Ra4+ {[%emt 0:00:51]} 51. Kxb3 {[%emt 0:00:00]} Rf4 {[%emt 0:00:18]} 52. Rf2 {[%emt 0:00:00]} Bh4 {[%emt 0:00:50]} 53. Rf1 {[%emt 0:01:30]} e4 {[%emt 0:01:23]} 54. fxe4+ {[%emt 0:00:30]} Kxe4 {[%emt 0:00:01]} 55. Rxf4+ {[%emt 0:02:30]} Kxf4 {[%emt 0:00:43]} 56. Kc2 {[%emt 0:00:30]} Kf3 {[%emt 0:01:09]} 57. Kd1 {[%emt 0:00:30]} Bf6 {[%emt 0:01:18]} 58. Ke1 {[%emt 0:01:30]} g5 {[%emt 0:00:08]} 59. Kf1 {[%emt 0:00:30]} g4 {[%emt 0:00:01]} 60. Bd6 {[%emt 0:00:30]} Bh4 {[%emt 0:00:02]} 61. Bc7 {[%emt 0:07:30]} Bg3 {[%emt 0:00:50]} 62. Bxg3 {[%emt 0:01:30]} Kxg3 {[%emt 0:00:35]} 63. Kg1 {[%emt 0:00:30]} Kh3 {[%emt 0:00:00]} 64. Kh1 {[%emt 0:00:00]} g3 {[%emt 0:00:13]} 65. Kg1 {[%emt 0:00:00]} g2 {[%emt 0:00:05]} 0-1

[Event "TUR-ch Veterans 2020"]
[Site "Antalya-Belek"]
[Date "2020.01.24"]
[Round "8"]
[White "Yilmaz, Huseyin"]
[Black "Topaloglu, Hayati"]
[Result "0-1"]
[WhiteElo "1280"]
[BlackElo "1750"]
[Annotator "NA RC"]
[PlyCount "56"]
[EventDate "2020.01.19"]
[EventCountry "TUR"]
[SourceTitle "playchess.com"]
[Source "ChessBase"]
[SourceQuality "1"]
[TimeControl "5400+30"]

1. d4 {[%emt 0:00:30]} d5 {[%emt 0:00:30]} 2. Nf3 {[%emt 0:00:00]} Nf6 {[%emt 0:00:30]} 3. c4 {[%emt 0:00:00]} c6 {[%emt 0:00:30]} 4. Nc3 {[%emt 0:00:30]} e6 {[%emt 0:00:30]} 5. Bg5 {[%emt 0:00:00]} Nbd7 {[%emt 0:00:30]} 6. e4 {[%emt 0:00:00]} dxe4 {[%emt 0:00:30]} 7. Nxe4 {[%emt 0:00:30]} Be7 {[%emt 0:00:30]} 8. Bd3 {[%emt 0:01:30]} h6 {[%emt 0:02:30]} 9. Bxf6 {[%emt 0:00:00]} Nxf6 {[%emt 0:00:00]} 10. O-O {[%emt 0:00:00]} b6 {[%emt 0:01:00]} 11. Qe2 {[%emt 0:01:30]} Bb7 {[%emt 0:01:30]} 12. Rad1 {[%emt 0:00:30]} O-O {[%emt 0:00:00]} 13. Nxf6+ {[%emt 0:02:30]} Bxf6 {[%emt 0:00:00]} 14. Qe4 {[%emt 0:02:30]} g6 {[%emt 0:01:30]} 15. Qg4 {[%emt 0:01:30]} Kg7 {[%emt 0:04:30]} 16. Ne5 {[%emt 0:01:30]} Bxe5 {[%emt 0:01:30]} 17. dxe5 {[%emt 0:00:30]} Qe7 {[%emt 0:00:30]} 18. f4 {[%emt 0:00:30]} f5 {[%emt 0:03:30]} 19. exf6+ {[%emt 0:02:30]} Rxf6 {[%emt 0:00:30]} 20. f5 {[%emt 0:03:30]} exf5 {[%emt 0:00:30]} 21. Bxf5 {[%emt 0:00:30]} Rd8 {[%emt 0:08:30]} 22. Rxd8 {[%emt 0:05:30]} Qxd8 {[%emt 0:00:30]} 23. Rd1 {[%emt 0:00:30]} Qe8 {[%emt 0:01:30]} 24. Rd7+ {[%emt 0:07:30]} Kf8 {[%emt 0:01:30]} 25. Qh4 {[%emt 0:01:30]} Qe3+ {[%emt 0:02:30]} 26. Qf2 {[%emt 0:00:30]} Qxf2+ {[%emt 0:00:30]} 27. Kxf2 {[%emt 0:00:00]} Rxf5+ {[%emt 0:00:30]} 28. Ke3 {[%emt 0:00:00]} Rf7 {[%emt 0:00:30]} 0-1

[Event "TUR-ch Veterans 2020"]
[Site "Antalya-Belek"]
[Date "2020.01.25"]
[Round "9"]
[White "Yilmaz, Turhan"]
[Black "Onem, Cem"]
[Result "1-0"]
[WhiteElo "2132"]
[BlackElo "1805"]
[Annotator "TA"]
[PlyCount "169"]
[EventDate "2020.01.19"]
[EventCountry "TUR"]
[SourceTitle "playchess.com"]
[Source "ChessBase"]
[SourceQuality "1"]

{[%evp 9,169,4,0,0,38,21,27,0,0,0,0,-14,-13,-81,-74,-97,-90,-89,-72,-63,0,0,1,-91,-56,-49,-40,-146,-32,-37,-14,-21,14,21,27,18,18,12,18,18,18,24,27,10,75,0,0,0,0,0,95,82,85,71,83,83,78,72,90,89,158,39,75,13,18,0,0,0,0,0,0,0,0,0,0,0,8,8,8,8,8,0,31,8,8,0,0,8,22,10,37,8,25,8,8,14,14,14,14,14,21,21,29,8,114,0,37,0,37,0,0,0,99,91,91,0,8,8,8,8,69,69,113,113,127,127,581,113,113,113,113,29953,29954,113,113,113,113,113,29957,113,29972,113,29973,29974,29974,29976,29976,29975,29977,29978,29977,29978,29978,29978,29978,29979,29978,29978,29986,29979,29978,29979]} 1. c4 e5 2. Nc3 Nf6 3. Nf3 Nc6 4. e3 Bb4 5. Qc2 O-O 6. Be2 {A28: English Opening: Four Knights Variation} (6. Nd5 Re8 7. Qf5 Be7 8. Nxe5 Nb4 9. Nxb4 Bxb4 10. Nf3 d5 11. Qd3 Bf8 12. Be2 c5 13. O-O b6 14. b3 Bb7 15. Bb2 {½-½ (27) So,W (2776)-Melkumyan,H (2660) Douglas 2018}) 6... d5 7. cxd5 Nxd5 8. d3 {White has an edge.} Be6 9. a3 Be7 10. Na4 Qd6 $146 {[%mdl 2048] White is under pressure.} ({Predecessor:} 10... Nb6 11. Nc5 Bxc5 12. Qxc5 Qd6 13. Qc2 a5 14. b3 {1-0 (70) Gelashvili,T (2605)-Danielian,E (2502) Chalkida 2009}) 11. b4 (11. O-O $11) 11... b5 $1 $17 {[%cal Rb5a4]} 12. Nc3 Nxc3 13. Qxc3 a5 14. bxa5 Rxa5 (14... Bf6 $15 15. e4 Rxa5) 15. Bb2 $11 Bf6 {And now ...e4! would win.} (15... Bd5 {keeps more tension.} 16. O-O Bf6 17. Nd2 Be7 18. Rfc1 Ra6) 16. e4 (16. Nd2 $11) 16... Rfa8 {White must now prevent ...b4.} 17. Rc1 R5a6 18. h3 (18. O-O $15) 18... Be7 (18... b4 $1 $17 {[%cal Rb4c3]} 19. axb4 Nxb4) 19. O-O $1 $15 f6 (19... Bf6 {is more complex.} 20. Qc5 Rb6 21. Qxd6 cxd6 22. Rc2 b4) 20. Rfd1 Rd8 21. Qc2 {Threatens to win with d4.} Nd4 22. Nxd4 exd4 23. Qxc7 Qxc7 24. Rxc7 Bxa3 25. Bxa3 Rxa3 26. Rb7 Rb3 (26... Bd7 $1 $11) 27. Re7 ({White should try} 27. Rc1 $16) 27... Bd7 $11 28. e5 fxe5 29. Bf3 {aiming for Bd5+.} Bc8 (29... Rc3 $11) 30. Rxe5 $16 {Bd5+ is the strong threat.} Kf8 31. Be4 g6 32. Ra1 Re8 33. Rd5 Rb4 34. Ra7 Re7 (34... Be6 $142) 35. Ra8 ({White must play} 35. Rd8+ $16 Re8 36. Rxe8+ Kxe8 37. Rxh7) 35... Re8 $14 36. Ra5 ({Better is} 36. g4 $16) 36... Bb7 $11 37. Rd7 Bxe4 38. dxe4 {[%mdl 4096] Endgame KRR-KRR} Re7 $1 ({Much worse is} 38... Rxe4 $6 39. Rxh7 Kg8 40. Raa7 $16) 39. Raa7 Rxd7 40. Rxd7 {KR-KR} Ke8 41. Rd5 d3 42. f3 Rb1+ 43. Kh2 Rb3 44. Kg3 b4 45. Kf4 Rb2 46. g3 d2 {Hoping for ...b3.} 47. Ke3 Rb3+ 48. Ke2 d1=Q+ 49. Rxd1 Ke7 50. h4 Ke6 51. Rd4 h5 52. Kf2 Ke5 53. Rd5+ Ke6 54. Rg5 Kf6 55. Rb5 Ke6 56. Rb6+ Kf7 (56... Ke5 $11) 57. Rb5 (57. Ke2 $16) 57... Ke6 $14 58. Rg5 Kf7 59. g4 hxg4 60. Rxg4 Rc3 (60... Rb1 $11 {remains equal.} 61. Ke3 b3) 61. Rg5 $1 $16 b3 62. Rb5 (62. h5 $1 $16) 62... Rc2+ $1 $11 63. Kg3 b2 64. Kf4 Rh2 ({Black should play} 64... Kf6 $11) 65. Ke5 $14 Rxh4 {( -> ...Rh5+)} 66. Rb7+ Ke8 67. Rxb2 g5 $2 {[%mdl 8192] [#]} (67... Kf8 $16 {is tougher.} 68. f4 Kg7) 68. Rg2 $2 (68. Ke6 $1 $18 {[%cal Rb2b8] and the rest is easy.} Kd8 69. Rb8+ Kc7 70. Rg8) 68... Rf4 $16 69. Rxg5 Rxf3 70. Ke6 Kd8 71. Rg8+ $2 (71. Rd5+ Ke8 72. Ra5 Kd8 73. e5 Rh3 74. Ra8+ Kc7 75. Rf8 Re3 76. Rf2) 71... Kc7 72. Rg7+ Kd8 73. Ra7 Rf1 $2 {[%mdl 8192]} (73... Rh3 $16) 74. e5 $2 (74. Ra8+ {mates} Kc7 75. e5 Rh1 76. Rf8 Re1 77. Kf6 Kd7 78. Rf7+ Kd8 79. Rh7) 74... Rf2 $2 {[%mdl 8192]} (74... Rh1 $16) 75. Ra8+ Kc7 {[#]} 76. Ke7 $1 {White mates.} Rf1 77. Ra2 Kc6 78. Rd2 Kc7 79. e6 Re1 80. Rc2+ Kb6 81. Kd7 Rd1+ 82. Ke8 Rd3 83. e7 Rd1 84. Rc8 Rf1 85. Kd7 {Accuracy: White = 50%, Black = 51%.} 1-0

[Event "TUR-ch Veterans 2020"]
[Site "Antalya-Belek"]
[Date "2020.01.25"]
[Round "9"]
[White "Pekun, Cem"]
[Black "Muratoglu, Salih"]
[Result "1-0"]
[WhiteElo "2061"]
[BlackElo "1967"]
[Annotator "NA RC"]
[PlyCount "27"]
[EventDate "2020.01.19"]
[EventCountry "TUR"]
[SourceTitle "playchess.com"]
[Source "ChessBase"]
[SourceQuality "1"]
[TimeControl "5400+30"]

{[%evp 14,27,43,32767,32767,23,32767,32767,20,32767,14,13,293,277,548,553]} 1. e4 {[%emt 0:00:30]} d6 {[%emt 0:00:30]} 2. d4 {[%emt 0:00:30]} Nf6 {[%emt 0:00:30]} 3. Nc3 {[%emt 0:00:30]} Nc6 {[%emt 0:00:30]} 4. Nf3 {[%emt 0:08:30]} g6 {[%emt 0:01:30]} 5. h3 {[%emt 0:00:30]} Bg7 {[%emt 0:00:30]} 6. Be3 {[%emt 0:01:30]} a6 {[%emt 0:01:30]} 7. a4 {[%emt 0:00:30]} Bd7 {[%emt 0:00:30]} 8. Be2 {[%emt 0:01:30]} e5 {[%emt 0:00:30]} 9. dxe5 {[%emt 0:02:30]} dxe5 {[%emt 0:01:30]} 10. O-O {[%emt 0:00:30]} O-O {[%emt 0:00:00]} 11. Qd2 {[%emt 0:00:30]} Qe7 {[%emt 0:03:00]} 12. Bg5 {[%emt 0:05:30]} Rfd8 $2 {[%emt 0:02:30]} (12... Be6 $11 {and Black has nothing to worry.}) 13. Nd5 {[%emt 0:01:30] Double Attack} Qd6 $2 {[%emt 0:01:30]} (13... Qe6) 14. Nxf6+ $18 {[%emt 0:01:30]} 1-0

[Event "TUR-ch Veterans 2020"]
[Site "Antalya-Belek"]
[Date "2020.01.25"]
[Round "9"]
[White "Cetinkaya, Vedat Ali"]
[Black "Ozturk, Ali"]
[Result "1-0"]
[WhiteElo "2026"]
[BlackElo "1560"]
[Annotator "NA RC"]
[PlyCount "47"]
[EventDate "2020.01.19"]
[EventCountry "TUR"]
[SourceTitle "playchess.com"]
[Source "ChessBase"]
[SourceQuality "1"]
[TimeControl "5400+30"]

{[%evp 23,44,0,30,32767,32767,21,32767,32767,114,55,450,482,534,737,510,32767,32767,633,579,637,1272,448,464]} 1. d4 {[%emt 0:00:30]} Nf6 {[%emt 0:00:30]} 2. c4 {[%emt 0:00:30]} e6 {[%emt 0:00:30]} 3. e3 {[%emt 0:00:30]} d5 {[%emt 0:00:30]} 4. Nf3 {[%emt 0:00:30]} Be7 {[%emt 0:00:30]} 5. Nc3 {[%emt 0:00:00]} O-O {[%emt 0:01:30]} 6. Bd3 {[%emt 0:00:00]} c6 {[%emt 0:00:00]} 7. O-O {[%emt 0:00:30]} dxc4 {[%emt 0:00:00]} 8. Bxc4 {[%emt 0:00:00]} b5 {[%emt 0:00:30]} 9. Bd3 {[%emt 0:00:00]} Bb7 {[%emt 0:00:30]} 10. e4 {[%emt 0:03:30]} b4 {[%emt 0:01:30]} 11. Na4 {[%emt 0:02:30]} Nbd7 {[%emt 0:02:30]} 12. Qe2 {[%emt 0:09:30] D47: Semi-Slav: Meran System} (12. Qc2 h6 13. e5 Nd5 14. Qe2 Re8 15. Qe4 Nf8 16. Qg4 Kh8 17. Re1 f5 18. exf6 Nxf6 19. Qh3 c5 20. Ne5 Qxd4 21. Bxh6 gxh6 22. Qxh6+ N6h7 23. Bxh7 Nxh7 24. Rad1 {1-0 (24) Cheng,B (2529)-Maung,M (2274) Adelaide 2019}) 12... c5 {[%emt 0:24:30]} 13. e5 {[%emt 0:07:30]} Nd5 {[%emt 0:07:30]} 14. Nxc5 {[%emt 0:05:30]} Nxc5 {[%emt 0:01:30]} 15. dxc5 {[%emt 0:00:30]} Rc8 {[%emt 0:14:30]} (15... Qc7 $14) 16. Qe4 {[%emt 0:04:30]} f5 $2 $146 {[%emt 0:11:30]} ({Predecessor:} 16... g6 $16 {is more resistant.} 17. Bh6 Re8 18. Bb5 Bc6 19. Ba6 Rc7 {1-0 (46) Baymuratova,S (2119)-Orazmukhammedova,M (1928) Tashkent 2019}) 17. exf6 $1 {[%emt 0:00:30] Discovered Attack} Bxf6 {[%emt 0:00:30]} 18. Qxh7+ {[%emt 0:02:30]} Kf7 {[%emt 0:00:30]} 19. Bg5 {[%emt 0:02:30]} Bxg5 {[%emt 0:09:30]} 20. Qh5+ {[%emt 0:01:30]} Ke7 {[%emt 0:02:08]} 21. Qxg5+ {[%emt 0:00:30] Double Attack} Kf7 {[%emt 0:00:01]} 22. Qh5+ $18 {[%emt 0:03:30]} (22. Qg6+ $142 Ke7 23. Ng5) 22... Ke7 {[%emt 0:01:43]} 23. Ne5 {[%emt 0:00:30]} Nf4 {[%emt 0:01:13]} 24. Qg5+ {[%emt 0:01:30]} 1-0

[Event "TUR-ch Veterans 2020"]
[Site "Antalya-Belek"]
[Date "2020.01.25"]
[Round "9"]
[White "Yasin, Hur"]
[Black "Guner, Bulent"]
[Result "0-1"]
[WhiteElo "1936"]
[BlackElo "1964"]
[Annotator "NA RC"]
[PlyCount "88"]
[EventDate "2020.01.19"]
[EventCountry "TUR"]
[SourceTitle "playchess.com"]
[Source "ChessBase"]
[SourceQuality "1"]
[TimeControl "5400+30"]

{[%evp 14,87,31,2,14,8,32767,7,14,10,32767,32767,32767,32767,32767,0,5,-39,-64,-155,-167,-155,-155,-161,-174,-169,-140,32767,-190,32767,-180,32767,32767,-176,32767,32767,-102,32767,32767,32767,32767,-161,-58,-192,-212,-229,-286,-251,-208,-203,-234,-237,-185,-290,-408,32767,-214,-396,-230,-188,32767,-350,-418,-438,-403,-404,-420,32767,-437,-736,-843,-1222,32767,32767,-29990,-29990]} 1. e4 {[%emt 0:00:30]} e5 {[%emt 0:00:30]} 2. Bc4 {[%emt 0:00:30]} Nc6 {[%emt 0:01:30]} 3. Nf3 {[%emt 0:00:30]} Bc5 {[%emt 0:00:30]} 4. c3 {[%emt 0:03:30]} Nf6 {[%emt 0:00:30]} 5. d3 {[%emt 0:00:30]} a6 {[%emt 0:00:30]} 6. O-O {[%emt 0:00:00]} Ba7 {[%emt 0:01:30]} 7. Re1 {[%emt 0:01:00] C54: Giuoco Piano: 4 c3 Nf6, main lines with 5 d4 and 5 d3} d6 {[%emt 0:02:30]} 8. Bg5 {[%emt 0:03:30]} (8. Bb3 h6 9. Nbd2 g5 10. Nf1 g4 11. N3d2 h5 12. Nc4 h4 13. Be3 g3 14. Bxa7 gxh2+ 15. Nxh2 Nxa7 16. d4 {1-0 (57) Adams,M (2701)-McShane,L (2677) London 2019}) 8... h6 {[%emt 0:02:30]} 9. Bh4 {[%emt 0:00:00]} g5 {[%emt 0:09:30]} 10. Bg3 {[%emt 0:14:00]} Qe7 {[%emt 0:04:30]} 11. Nbd2 {[%emt 0:02:30]} Be6 $146 {[%emt 0:04:30]} ({Predecessor:} 11... h5 12. h4 g4 13. Nh2 Be6 14. Nhf1 O-O-O {1-0 (42) Yudin,S (2530)-Praggnanandhaa,R (2368) Voronezh 2016}) 12. d4 {[%emt 0:08:30]} Bxc4 {[%emt 0:04:30]} 13. Nxc4 {[%emt 0:00:30]} O-O-O {[%emt 0:01:30]} 14. d5 {[%emt 0:23:30]} ({Much worse is} 14. dxe5 $6 dxe5 15. Qe2 Nd7 $11) ({Better is} 14. b4 $16) 14... Nb8 $1 {[%emt 0:00:30]} 15. Nfd2 {[%emt 0:01:30]} h5 {[%emt 0:03:30]} 16. h3 {[%emt 0:01:30]} h4 {[%emt 0:01:30]} 17. Bh2 {[%emt 0:00:00]} g4 {[%emt 0:05:30]} 18. hxg4 {[%emt 0:00:00]} Rdg8 {[%emt 0:00:30]} 19. Ne3 {[%emt 0:17:30]} Bxe3 $1 {[%emt 0:00:30]} 20. Rxe3 {[%emt 0:00:00]} Rxg4 {[%emt 0:00:30]} ({Don't take} 20... Nxg4 21. Rh3 $17) 21. f3 {[%emt 0:03:30]} Rg6 {[%emt 0:02:30]} 22. Nf1 {[%emt 0:00:07]} Nh5 {[%emt 0:01:30]} 23. Re2 {[%emt 0:03:49]} Ng3 {[%emt 0:05:30]} 24. Rc2 {[%emt 0:00:22]} Nxf1 {[%emt 0:02:30]} (24... Nd7 $19 25. Ne3 Qg5) 25. Kxf1 {[%emt 0:01:30]} Nd7 {[%emt 0:00:00]} 26. b4 {[%emt 0:00:44]} Rhg8 {[%emt 0:03:00]} 27. a4 {[%emt 0:00:11] [#]} Nf6 {[%emt 0:00:30]} ({Black should try} 27... f5 $1 $17 {[%mdl 512]} 28. exf5 Rg5) 28. c4 {[%emt 0:00:23] [#]} (28. a5 $17) 28... Nh5 $1 {[%emt 0:01:30]} 29. Raa2 {[%emt 0:00:15]} Ng3+ {[%emt 0:02:30]} 30. Ke1 {[%emt 0:00:03]} f5 {[%emt 0:01:30]} 31. exf5 {[%emt 0:03:23]} Nxf5 {[%emt 0:01:30]} 32. Qd3 {[%emt 0:00:54]} Qf6 {[%emt 0:06:30]} 33. Bg1 {[%emt 0:01:11]} (33. Rf2 $142) 33... Rg3 {[%emt 0:02:30]} 34. Bh2 {[%emt 0:00:54]} R3g7 $2 {[%emt 0:02:30]} (34... h3 35. Bxg3 Rxg3 36. gxh3 Rg1+ 37. Kd2 {[#]} Nd4 $1 {[%mdl 512]}) 35. c5 $2 {[%emt 0:00:31] [#]} (35. Rf2) 35... Nd4 {[%emt 0:03:30]} (35... h3 $142 $1 {[%mdl 512]} 36. g4 {[#]} (36. gxh3 Qh4+) 36... e4 $1 {[%mdl 512]} 37. fxe4 Rxg4) 36. Rf2 {[%emt 0:00:59]} Qg6 {[%emt 0:03:47]} 37. Qd1 $2 {[%emt 0:03:19]} ({White has to play} 37. Qxg6 $15 Rxg6 38. Kf1) 37... Qf7 {[%emt 0:02:14]} 38. Rad2 {[%emt 0:05:11]} Qxd5 {[%emt 0:01:05]} 39. cxd6 {[%emt 0:00:16]} cxd6 {[%emt 0:00:19]} 40. Qb1 {[%emt 0:00:36]} Kb8 {[%emt 0:03:37]} 41. Kf1 $2 {[%emt 0:00:22]} (41. Qe4 Qxe4+ 42. fxe4) 41... Rc8 {[%emt 0:01:00]} 42. Qe1 {[%emt 0:01:09]} Rgc7 {[%emt 0:03:43]} 43. Kg1 {[%emt 0:00:47]} Rc1 {[%emt 0:01:07]} 44. Rd1 {[%emt 0:00:02]} Nxf3+ {[%emt 0:00:38]} 0-1